[Event "Bucharest ROM GP"]
[Site "Bucharest"]
[Date "2025.05.11"]
[Round "6"]
[White "Manea, Alexandru"]
[Black "Ignat, Matei Marius"]
[Result "0-1"]
[WhiteElo "2279"]
[BlackElo "2159"]
[PlyCount "74"]
[EventDate "2025.05.10"]
[EventType "swiss"]
[EventRounds "10"]
[EventCountry "ROU"]
[SourceTitle "CB20_2025"]
[SourceDate "2025.05.14"]
[SourceVersion "1"]
[SourceVersionDate "2025.05.14"]
[SourceQuality "1"]

1. c4 Nf6 2. Nc3 e6 3. e3 c5 4. Nf3 Be7 5. d4 cxd4 6. exd4 d5 7. Be2 0-0 8. 0-0 b6 9. Ne5 Bb7 10. Bf3 Nc6 11. cxd5 Nxd5 12. Nxd5 exd5 13. Bf4 Nxe5 14. dxe5 Bc5 15. Qd2 Qd7 16. Rad1 Rfd8 17. Rfe1 d4 18. Bxb7 Qxb7 19. e6 fxe6 20. Rxe6 Qd5 21. Qe2 Qxa2 22. h4 d3 23. Qg4 Qxb2 24. Be5 Qxf2+ 25. Kh2 Rd7 26. Rf6 Qe2 27. Qe6+ Kh8 28. Rdf1 Rdd8 29. Rf7 Bf8 30. Qf5 Kg8 31. Qg5 Qxe5+ 32. Qxe5 Bd6 33. Rf8+ Bxf8 34. Qe6+ Kh8 35. h5 d2 36. Rd1 h6 37. Qb3 Be7 0-1

[Event "EU-ch 25th"]
[Site "Eforie Nord"]
[Date "2025.03.25"]
[Round "10"]
[White "Godena, Michele"]
[Black "Manea, Alexandru"]
[Result "0-1"]
[WhiteElo "2439"]
[BlackElo "2260"]
[PlyCount "62"]
[EventDate "2025.03.15"]
[EventType "swiss"]
[EventRounds "11"]
[EventCountry "ROU"]
[SourceTitle "CB13_2025"]
[SourceDate "2025.03.26"]
[SourceVersion "1"]
[SourceVersionDate "2025.03.26"]
[SourceQuality "1"]

1. e4 e5 2. Nf3 Nf6 3. d4 Nxe4 4. dxe5 Bc5 5. Bc4 Nxf2 6. Bxf7+ Kxf7 7. Qd5+ Kg6 8. Qxc5 Nxh1 9. Nc3 h6 10. Nd5 Nc6 11. Qc4 d6 12. e6 Kh7 13. Qe4+ g6 14. Bg5 hxg5 15. e7 Nxe7 16. Nxg5+ Kg7 17. Qd4+ Kg8 18. Qf6 Rh7 19. Nxh7 Kxh7 20. Nxe7 Qe8 21. 0-0-0 Nf2 22. Nd5 Nxd1 23. Qh4+ Kg7 24. Qf6+ Kg8 25. Kxd1 Bg4+ 26. Kd2 Qe2+ 27. Kc3 Qe5+ 28. Qxe5 dxe5 29. Nf6+ Kf7 30. Nxg4 Ke6 31. Ne3 Rd8 0-1

[Event "EU-ch 25th"]
[Site "Eforie Nord"]
[Date "2025.03.24"]
[Round "9"]
[White "Manea, Alexandru"]
[Black "Palczert, Matyas"]
[Result "1-0"]
[WhiteElo "2260"]
[BlackElo "2434"]
[PlyCount "71"]
[EventDate "2025.03.15"]
[EventType "swiss"]
[EventRounds "11"]
[EventCountry "ROU"]
[SourceTitle "CB13_2025"]
[SourceDate "2025.03.26"]
[SourceVersion "1"]
[SourceVersionDate "2025.03.26"]
[SourceQuality "1"]

1. d4 d5 2. Nf3 Nf6 3. a3 e6 4. Bf4 Bd6 5. e3 0-0 6. Nbd2 b6 7. Ne5 c5 8. c3 Qc7 9. Qf3 Nbd7 10. Nxd7 Nxd7 11. Bxd6 Qxd6 12. Qg3 e5 13. Bb5 f6 14. 0-0 a6 15. Be2 Qe7 16. Rfe1 Bb7 17. Rad1 b5 18. Nb3 Rac8 19. Qh3 f5 20. f4 cxd4 21. cxd4 exf4 22. exf4 Qd6 23. Bd3 g6 24. Qe3 Kf7 25. Qd2 Rce8 26. g3 Nf6 27. Re5 Bc8 28. Rc1 Ng4 29. Ree1 h5 30. h4 Nf6 31. Re5 Ne4 32. Qe1 Nf6 33. Qc3 Nd7 34. Qc7 Re6 35. Kf2 Kf6 36. Rxe6+ 1-0

[Event "EU-ch 25th"]
[Site "Eforie Nord"]
[Date "2025.03.22"]
[Round "7"]
[White "Magold, Filip"]
[Black "Manea, Alexandru"]
[Result "1-0"]
[WhiteElo "2435"]
[BlackElo "2260"]
[PlyCount "99"]
[EventDate "2025.03.15"]
[EventType "swiss"]
[EventRounds "11"]
[EventCountry "ROU"]
[SourceTitle "CB13_2025"]
[SourceDate "2025.03.26"]
[SourceVersion "1"]
[SourceVersionDate "2025.03.26"]
[SourceQuality "1"]

1. d4 Nf6 2. Nf3 e6 3. e3 b6 4. Bd3 Bb7 5. 0-0 d5 6. c4 Nbd7 7. Nbd2 Bd6 8. cxd5 exd5 9. b3 0-0 10. Bb2 Re8 11. Rc1 a6 12. Qe2 Qe7 13. Rc2 Ne4 14. Rfc1 c6 15. Nf1 g6 16. Ne1 f5 17. f3 b5 18. Qd1 Nef6 19. Re2 Rac8 20. Nc2 Qf8 21. a4 f4 22. e4 dxe4 23. fxe4 c5 24. axb5 axb5 25. Bxb5 Rxe4 26. Bc4+ Kh8 27. Rxe4 Bxe4 28. Kh1 cxd4 29. Nxd4 Be5 30. Ne6 Qe7 31. Bxe5 Nxe5 32. Nxf4 Nfg4 33. Nh3 Qh4 34. Kg1 Qf6 35. Qd2 Qb6+ 36. Kh1 Qc6 37. Qb2 Qb7 38. Ng5 Bd5 39. h3 Rxc4 40. Rxc4 Bxc4 41. hxg4 Bxf1 42. Qxe5+ Kg8 43. Qe6+ Kg7 44. Ne4 h6 45. Qe5+ Kg8 46. Nf6+ Kf7 47. Ne4 Kg8 48. Kg1 Be2 49. Nf6+ Kf7 50. Qxe2 1-0

[Event "EU-ch 25th"]
[Site "Eforie Nord"]
[Date "2025.03.20"]
[Round "6"]
[White "Manea, Alexandru"]
[Black "Ghimpu, Samuel Timotei"]
[Result "1/2-1/2"]
[WhiteElo "2260"]
[BlackElo "2441"]
[PlyCount "90"]
[EventDate "2025.03.15"]
[EventType "swiss"]
[EventRounds "11"]
[EventCountry "ROU"]
[SourceTitle "CB13_2025"]
[SourceDate "2025.03.26"]
[SourceVersion "1"]
[SourceVersionDate "2025.03.26"]
[SourceQuality "1"]

1. d4 Nf6 2. Nc3 d5 3. Bf4 e6 4. e3 Bb4 5. Nge2 0-0 6. a3 Be7 7. Nc1 c5 8. dxc5 Bxc5 9. Nb3 Be7 10. Bd3 Nc6 11. 0-0 h6 12. Bg3 b6 13. Qe2 Bb7 14. Rad1 Nd7 15. e4 d4 16. Nb1 e5 17. c3 Nc5 18. Bc4 Qc8 19. Nxc5 bxc5 20. f4 Na5 21. Bd5 Bxd5 22. exd5 Qd7 23. b4 exf4 24. Bxf4 Nb7 25. bxc5 Bxc5 26. cxd4 Bb6 27. Nc3 Rac8 28. Qd3 Nd6 29. Kh1 Ba5 30. Na4 Nc4 31. Nc5 Qxd5 32. Qg3 Kh7 33. Qd3+ f5 34. Bc1 Bb6 35. Na4 Nd6 36. Nc3 Qc4 37. Qg3 Ne4 38. Nxe4 fxe4 39. Rxf8 Rxf8 40. Qe1 Qd5 41. Be3 Rc8 42. Rc1 Rxc1 43. Qxc1 Qb3 44. Bg1 Qd3 45. Qf4 Bxd4 1/2-1/2

[Event "EU-ch 25th"]
[Site "Eforie Nord"]
[Date "2025.03.18"]
[Round "4"]
[White "Manea, Alexandru"]
[Black "Stoychev, Ognian"]
[Result "1-0"]
[WhiteElo "2260"]
[BlackElo "2084"]
[PlyCount "81"]
[EventDate "2025.03.15"]
[EventType "swiss"]
[EventRounds "11"]
[EventCountry "ROU"]
[SourceTitle "CB13_2025"]
[SourceDate "2025.03.26"]
[SourceVersion "1"]
[SourceVersionDate "2025.03.26"]
[SourceQuality "1"]

1. e4 e5 2. Nf3 Nc6 3. Nc3 Nf6 4. h3 Bb4 5. Bd3 a6 6. 0-0 0-0 7. Re1 d6 8. a3 Bc5 9. b4 Ba7 10. Bb2 b5 11. Bf1 Bb7 12. d3 Re8 13. Ne2 Ne7 14. Ng3 Ng6 15. a4 d5 16. axb5 axb5 17. d4 Nxe4 18. Nxe4 dxe4 19. Nxe5 Nxe5 20. dxe5 Qh4 21. Bd4 Red8 22. c3 Bc6 23. Qd2 Qe7 24. Qb2 Bb6 25. Rec1 h6 26. Rxa8 Rxa8 27. Bxb6 cxb6 28. c4 bxc4 29. Bxc4 Rd8 30. Qb3 Bb7 31. Bxf7+ Kh8 32. e6 Bd5 33. Qe3 Bxe6 34. Rc7 Bd7 35. Bg6 Qf6 36. Bxe4 Be8 37. Kh2 Bf7 38. f3 Rf8 39. Rc6 Qd4 40. Qf4 Qd8 41. Rxh6+ 1-0

[Event "EU-ch 25th"]
[Site "Eforie Nord"]
[Date "2025.03.16"]
[Round "2"]
[White "Manea, Alexandru"]
[Black "Buzbuchi, Ionut"]
[Result "1-0"]
[WhiteElo "2260"]
[BlackElo "2008"]
[PlyCount "110"]
[EventDate "2025.03.15"]
[EventType "swiss"]
[EventRounds "11"]
[EventCountry "ROU"]
[SourceTitle "CB13_2025"]
[SourceDate "2025.03.26"]
[SourceVersion "1"]
[SourceVersionDate "2025.03.26"]
[SourceQuality "1"]

1. d4 Nf6 2. c4 e6 3. Nc3 Bb4 4. Nf3 0-0 5. Bg5 c5 6. dxc5 h6 7. Bh4 Na6 8. Qc2 Nxc5 9. a3 Qa5 10. Bxf6 gxf6 11. Rc1 Bxc3+ 12. Qxc3 Qxc3+ 13. Rxc3 b6 14. e3 Bb7 15. Be2 Rfc8 16. 0-0 Kf8 17. Rd1 a5 18. Nd4 a4 19. f3 Ke7 20. Kf2 Ba6 21. Nc2 Rc7 22. Nb4 Rac8 23. Rd4 Bb7 24. Rh4 Rh8 25. Rc1 f5 26. Ra1 d6 27. h3 Rd7 28. g4 Kf6 29. Rg1 Rdd8 30. gxf5 e5 31. e4 h5 32. Ke3 Rc8 33. Na2 Nd7 34. Nc3 Bc6 35. f4 exf4+ 36. Kxf4 Ne5 37. Rg5 Rcg8 38. Rhxh5 Rxh5 39. Rxh5 Rg2 40. Rh8 Rh2 41. Kg3 Rh1 42. Rb8 Rg1+ 43. Kf2 Rh1 44. Kg2 Rc1 45. Rxb6 Rc2 46. Kf2 Kg5 47. Ke1 Rc1+ 48. Bd1 Ra1 49. Ke2 Kf4 50. Rb4 Nf3 51. Nd5+ Bxd5 52. cxd5 Ng1+ 53. Kd2 Nxh3 54. Rxa4 Ng5 55. Bc2 Nf3+ 1-0

[Event "ROM-ch"]
[Site "Craiova"]
[Date "2025.02.17"]
[Round "3"]
[White "Berechet, Otiliu"]
[Black "Manea, Alexandru"]
[Result "1/2-1/2"]
[WhiteElo "1946"]
[BlackElo "2272"]
[PlyCount "73"]
[EventDate "2025.02.15"]
[EventType "swiss"]
[EventRounds "9"]
[EventCountry "ROU"]
[SourceTitle "CB09_2025"]
[SourceDate "2025.02.27"]
[SourceVersion "1"]
[SourceVersionDate "2025.02.27"]
[SourceQuality "1"]

1. g3 e5 2. c4 h5 3. h3 Nc6 4. Bg2 d6 5. d3 g5 6. e3 Bg7 7. Nc3 Nge7 8. Nd5 Ng6 9. Bd2 Nce7 10. Ba5 Nxd5 11. Bxd5 Qd7 12. Ne2 c6 13. Bg2 f5 14. Qc2 Qf7 15. 0-0-0 Be6 16. Kb1 Bf6 17. Rhg1 Rc8 18. Rc1 0-0 19. Be1 b5 20. h4 g4 21. f3 bxc4 22. dxc4 d5 23. Bb4 c5 24. cxd5 Bxd5 25. fxg4 Bxg2 26. Rxg2 cxb4 27. Qxf5 Rxc1+ 28. Nxc1 hxg4 29. h5 Ne7 30. Qxg4+ Kh8 31. Qxb4 Nd5 32. Qc5 Bg5 33. Re2 Re8 34. e4 Qf1 35. exd5 Bxc1 36. Qxc1 Qxe2 37. Qh6+ 1/2-1/2

[Event "ROM-ch"]
[Site "Craiova"]
[Date "2025.02.16"]
[Round "2"]
[White "Manea, Alexandru"]
[Black "Botea, David Alexandru"]
[Result "1/2-1/2"]
[WhiteElo "2272"]
[BlackElo "2127"]
[PlyCount "50"]
[EventDate "2025.02.15"]
[EventType "swiss"]
[EventRounds "9"]
[EventCountry "ROU"]
[SourceTitle "CB09_2025"]
[SourceDate "2025.02.27"]
[SourceVersion "1"]
[SourceVersionDate "2025.02.27"]
[SourceQuality "1"]

1. c4 c6 2. Nf3 d5 3. e3 Nf6 4. Nc3 e6 5. d4 Bd6 6. Bd3 dxc4 7. Bxc4 b5 8. Be2 a6 9. 0-0 0-0 10. Qc2 Nbd7 11. Rd1 Qc7 12. Bd2 c5 13. dxc5 Qxc5 14. Rac1 Bb7 15. Be1 Be7 16. Qd2 Qb6 17. Qd4 Rfd8 18. Qxb6 Nxb6 19. Ne5 Rac8 20. Rxd8+ Bxd8 21. Bf3 Bxf3 22. gxf3 Na4 23. b3 Nxc3 24. Rxc3 Rxc3 25. Bxc3 Nd5 1/2-1/2

[Event "EU-ch 24th"]
[Site "Petrovac"]
[Date "2024.11.17"]
[Round "9"]
[White "Manea, Alexandru"]
[Black "Stoinev, Metodi"]
[Result "1-0"]
[WhiteElo "2273"]
[BlackElo "2138"]
[PlyCount "95"]
[EventDate "2024.11.08"]
[EventType "swiss"]
[EventRounds "11"]
[EventCountry "MNE"]
[SourceTitle "CB47_2024"]
[SourceDate "2024.11.20"]
[SourceVersion "1"]
[SourceVersionDate "2024.11.20"]
[SourceQuality "1"]

1. c4 Nf6 2. Nc3 e6 3. Nf3 d5 4. d4 Nbd7 5. Bg5 Be7 6. Qc2 0-0 7. e3 Re8 8. Bd3 dxc4 9. Bxc4 a6 10. a4 h6 11. Bh4 c5 12. 0-0 cxd4 13. Nxd4 Ne5 14. Bb3 Bd7 15. Rfd1 Qa5 16. Bg3 Nc6 17. Nde2 Nb4 18. Qb1 Rad8 19. Nd4 Nc6 20. Nce2 Nh5 21. Nxc6 Bxc6 22. Nd4 Bd5 23. Bxd5 Rxd5 24. Nb3 Qd8 25. Be5 Bf6 26. Bd4 Bxd4 27. Rxd4 Nf6 28. Qc2 Rxd4 29. Nxd4 Qd7 30. Rc1 e5 31. Nf3 e4 32. Nd4 Nd5 33. Qc5 Kh7 34. b3 Rd8 35. h3 f5 36. Ne2 Ne7 37. Nd4 Nd5 38. Rc4 f4 39. exf4 e3 40. Ne2 exf2+ 41. Qxf2 Re8 42. Ng3 Ne3 43. Rc1 Qd3 44. f5 Nd1 45. Qf4 Nc3 46. Kh2 Re3 47. f6 gxf6 48. Nf5 1-0

[Event "Arad op 17th"]
[Site "Arad"]
[Date "2024.08.11"]
[Round "9"]
[White "Krysa, Leandro Sergio"]
[Black "Manea, Alexandru"]
[Result "1/2-1/2"]
[WhiteElo "2499"]
[BlackElo "2287"]
[PlyCount "109"]
[EventDate "2024.08.05"]
[EventType "swiss"]
[EventRounds "9"]
[EventCountry "ROU"]
[SourceTitle "CBM 221 Extra"]
[Source "ChessBase"]
[SourceDate "2024.09.30"]
[SourceVersion "1"]
[SourceVersionDate "2024.09.30"]
[SourceQuality "1"]

1. c4 e5 2. g3 Nc6 3. Bg2 f5 4. Nc3 Nf6 5. e3 Bb4 6. Nd5 0-0 7. a3 Be7 8. b4 e4 9. Bb2 d6 10. d3 Ne5 11. dxe4 Nxe4 12. Qc2 c6 13. Nf4 Bf6 14. Nge2 Qe8 15. 0-0 g5 16. f3 gxf4 17. exf4 Nxc4 18. Qxc4+ d5 19. Qc2 Bxb2 20. Qxb2 Nd6 21. Nd4 Qe3+ 22. Qf2 Re8 23. Rfc1 Bd7 24. Bf1 Kf7 25. a4 a6 26. a5 Kf6 27. Kg2 Qxf2+ 28. Kxf2 Re7 29. Re1 Rae8 30. Rxe7 Rxe7 31. Re1 Rxe1 32. Kxe1 Ne8 33. Kd2 Ng7 34. Ke3 Ke7 35. Bd3 Kd6 36. g4 fxg4 37. fxg4 Bxg4 38. Bxh7 Ke7 39. f5 Kf6 40. Kf4 Bh5 41. Bg6 Bxg6 42. fxg6 Nh5+ 43. Ke3 Kxg6 44. Ne6 Ng7 45. Nc5 Kf5 46. Nxb7 Ne6 47. Kd3 Kg4 48. Nd6 Kh3 49. Nf5 c5 50. bxc5 Nxc5+ 51. Kd4 Nb3+ 52. Kxd5 Nxa5 53. Kc5 Kxh2 54. Kb6 Nc4+ 55. Kxa6 1/2-1/2

[Event "Arad op 17th"]
[Site "Arad"]
[Date "2024.08.09"]
[Round "7"]
[White "Craciun, Sasha Matei"]
[Black "Manea, Alexandru"]
[Result "1/2-1/2"]
[WhiteElo "2135"]
[BlackElo "2287"]
[PlyCount "74"]
[EventDate "2024.08.05"]
[EventType "swiss"]
[EventRounds "9"]
[EventCountry "ROU"]
[SourceTitle "CBM 221 Extra"]
[Source "ChessBase"]
[SourceDate "2024.09.30"]
[SourceVersion "1"]
[SourceVersionDate "2024.09.30"]
[SourceQuality "1"]

1. e4 c5 2. Nf3 d6 3. d4 Nf6 4. Nc3 cxd4 5. Nxd4 g6 6. Be3 Bg7 7. f3 Nc6 8. Qd2 0-0 9. Bc4 Nxd4 10. Bxd4 Be6 11. Bxe6 fxe6 12. 0-0 Nd7 13. Ne2 Bxd4+ 14. Nxd4 Qb6 15. Kh1 e5 16. Ne2 Nf6 17. c4 Qa6 18. Qd3 Rac8 19. b3 Qc6 20. Rac1 a6 21. Nc3 Kg7 22. Nd5 Nxd5 23. Qxd5 Rc7 24. Rcd1 b5 25. cxb5 axb5 26. h3 b4 27. Qxc6 Rxc6 28. Rc1 Rfc8 29. Rxc6 Rxc6 30. Ra1 Rc3 31. Rd1 Rc5 32. Ra1 Ra5 33. Rc1 h5 34. h4 Ra6 35. Rc7 Kf6 36. Rb7 Rxa2 37. Rxb4 e6 1/2-1/2

[Event "Timisoara Foisor Memorial Rapid"]
[Site "Timisoara"]
[Date "2024.08.04"]
[Round "8"]
[White "Csonka, Balazs"]
[Black "Manea, Alexandru"]
[Result "1-0"]
[WhiteElo "2473"]
[BlackElo "2287"]
[PlyCount "41"]
[EventDate "2024.08.03"]
[EventType "swiss (rapid)"]
[EventRounds "9"]
[EventCountry "ROU"]
[SourceTitle "CBM 221 Extra"]
[Source "ChessBase"]
[SourceDate "2024.09.30"]
[SourceVersion "1"]
[SourceVersionDate "2024.09.30"]
[SourceQuality "1"]

1. d4 d5 2. Nf3 Nf6 3. Bf4 c5 4. e3 Nc6 5. Nbd2 cxd4 6. exd4 a6 7. c3 Bf5 8. Ne5 Nxe5 9. dxe5 Nd7 10. g4 Be6 11. Bg3 g6 12. Nb3 Bg7 13. f4 h5 14. gxh5 Rxh5 15. Bg2 Nb6 16. Qe2 Qc7 17. 0-0-0 0-0-0 18. Nd4 Bh3 19. Bxh3+ Rxh3 20. Qg4+ Qd7 21. e6 1-0

[Event "Cluj GP Rapid"]
[Site "Cluj"]
[Date "2024.06.14"]
[Round "5"]
[White "Banusz, Tamas"]
[Black "Manea, Alexandru"]
[Result "1-0"]
[WhiteElo "2605"]
[BlackElo "2287"]
[PlyCount "95"]
[EventDate "2024.06.13"]
[EventType "swiss (rapid)"]
[EventRounds "10"]
[EventCountry "ROU"]
[SourceTitle "CBM 220 Extra"]
[Source "ChessBase"]
[SourceDate "2024.07.31"]
[SourceVersion "1"]
[SourceVersionDate "2024.07.31"]
[SourceQuality "1"]

1. d4 d5 2. Nf3 Nf6 3. g3 c6 4. Bg2 Bf5 5. c4 e6 6. Nc3 h6 7. Qb3 Qb6 8. c5 Qxb3 9. axb3 Be7 10. h4 a6 11. Bf4 Nbd7 12. b4 Rc8 13. Nd2 Bd8 14. Nb3 Bc7 15. Bxc7 Rxc7 16. b5 Nb8 17. b6 Re7 18. f4 Kd8 19. Bf3 Rg8 20. h5 Kc8 21. Kf2 Nbd7 22. Na5 Ng4+ 23. Bxg4 Bxg4 24. Nxc6 bxc6 25. Rxa6 Nb8 26. Ra8 f6 27. b4 e5 28. e3 Bd7 29. Rha1 exd4 30. exd4 Rge8 31. R1a7 Bg4 32. b5 Rxa7 33. bxa7 Kb7 34. Rxb8+ Rxb8 35. axb8Q+ Kxb8 36. bxc6 Kc7 37. Nxd5+ Kxc6 38. Ne3 Bxh5 39. Nf5 g5 40. Nxh6 Kd5 41. Ke3 gxf4+ 42. gxf4 Ke6 43. f5+ Ke7 44. Kf4 Bd1 45. d5 Bb3 46. d6+ Kd7 47. Ng4 Kc6 48. Nxf6 1-0

[Event "Cluj GP Rapid"]
[Site "Cluj"]
[Date "2024.06.14"]
[Round "6"]
[White "Manea, Alexandru"]
[Black "Mihalcescu, Alexandru"]
[Result "1-0"]
[WhiteElo "2287"]
[BlackElo "1859"]
[PlyCount "59"]
[EventDate "2024.06.13"]
[EventType "swiss (rapid)"]
[EventRounds "10"]
[EventCountry "ROU"]
[SourceTitle "CBM 220 Extra"]
[Source "ChessBase"]
[SourceDate "2024.07.31"]
[SourceVersion "1"]
[SourceVersionDate "2024.07.31"]
[SourceQuality "1"]

1. e4 c5 2. Nf3 d6 3. d4 cxd4 4. Nxd4 Nf6 5. Nc3 a6 6. h4 e5 7. Nb3 Be6 8. Bg5 Be7 9. g3 Nbd7 10. Bh3 h6 11. Be3 Rc8 12. Qf3 b5 13. a3 Nb6 14. Rd1 Nc4 15. Bc1 Qd7 16. Bxe6 fxe6 17. g4 0-0 18. g5 Nd5 19. Qg3 Nf4 20. gxh6 Bd8 21. Ne2 Nxe2 22. Kxe2 Bb6 23. Rh2 Rf7 24. Rg2 a5 25. Rdg1 Rc7 26. Qg6 a4 27. Nd2 Nxd2 28. Bxd2 d5 29. hxg7 Rxg7 30. Qf6 1-0